000
00245nam a2200097Ia 4500
001
796022
005
20250826170739.0
008
250824s9999 xx 000 0 und d
245
0
_a
SİSTERS KARDEŞLER
_c
PATRICK CARMAN
260
_b
DOMİNGO YAYINLARI
999
_c
796022
_d
796022